000 00623nam a2200205Ia 4500
003 GCL
008 140319s9999 xx 000 0 ara d
040 _aGCL /
_cGCL
082 0 4 _a810.9
_bه ن
100 1 _aاحمد الهوارى
245 1 0 _aاسماعيل ادهم /
_cاحمد الهوارى
260 _a[S.N] :
_bالهيئة المصرية العامة للكتاب ،
_c1992
300 _a173 ص
490 _aنقاد الادب
_v0
650 0 4 _aالشعر العربى
650 0 4 _aالادب العربى
650 0 4 _aالادباء العرب
650 0 4 _aتاريخ ونقد
942 _2ddc
_cBK
999 _c29117
_d29117